LEADER 01757nam0 22004093i 450 001 VAN00303422 005 20260317102806.700 010 $a978-33-19-78258-4 017 70$2N$a9783319782591 100 $a20260317d2018 |0itac50 ba 101 $aeng 102 $aCH 105 $a|||| ||||| 181 $ai$b e 182 $ab 183 $acr 200 1 $aNanomedicine$eGene Delivery, Imaging and Evaluation Systems$fRoderick A. Slavcev, Shawn Wettig, Zhiheng Zeng editors 210 $aCham$cSpringer$d2018 215 $aV, 125 p.$cill.$d24 cm 410 1$1001VAN00016924$12001 $aExperientia Supplementum$1210 $aBasel$cBirkhäuser$d1955-$v110 620 $aCH$dCham$3VANL001889 676 $a610.28$cIngegneria biomedica. Biomateriali$v22 676 $a616.071$cPatologia molecolare. Medicina molecolare$v22 702 1$aSlavcev$bRoderick A.$3VANV258968 702 1$aWettig$bShawn$3VANV258971 702 1$aZeng$bZhiheng$3VANV258972 712 $aSpringer $3VANV108073$4650 790 1$aSlavcev, R. A.$zSlavcev, Roderick A.$3VANV258969 790 1$aSlavcev, R.A.$zSlavcev, Roderick A.$3VANV258970 801 $aIT$bSOL$c20260320$gRICA 856 4 $uhttps://doi.org/10.1007/978-3-319-78259-1$zE-book - Accesso al full-text attraverso riconoscimento IP di Ateneo, proxy e/o Shibboleth 899 $aBIBLIOTECA DEL DIPARTIMENTO DI SCIENZE E TECNOLOGIE AMBIENTALI BIOLOGICHE E FARMACEUTICHE$1IT-CE0101$2VAN17 912 $fN 912 $aVAN00303422 950 $aBIBLIOTECA DEL DIPARTIMENTO DI SCIENZE E TECNOLOGIE AMBIENTALI BIOLOGICHE E FARMACEUTICHE$d17CONS e-book 2406 $e17BIB2406/244 244 20260317 996 $aNanomedicine$91142294 997 $aUNICAMPANIA